Enco Civil Engineering Limited v Zeus International Development Limited (Record no. 33850)
[ view plain ]
| 000 -LEADER | |
|---|---|
| fixed length control field | 01712cab a2200253 4500 |
| 001 - CONTROL NUMBER | |
| control field | ABS45845 |
| 008 - FIXED-LENGTH DATA ELEMENTS--GENERAL INFORMATION | |
| fixed length control field | 090401t1992 xxu||||| |||| 00| 0 eng d |
| 035 ## - SYSTEM CONTROL NUMBER | |
| System control number | (Sirsi) u55412 |
| 041 ## - LANGUAGE CODE | |
| Language code of text/sound track or separate title | eng |
| 245 ## - TITLE STATEMENT | |
| Title | Enco Civil Engineering Limited v Zeus International Development Limited |
| 260 ## - PUBLICATION, DISTRIBUTION, ETC. | |
| Date of publication, distribution, etc. | 1992 |
| 350 ## - PRICE (NR) (BK AM CF MU VM SE) [OBSOLETE] | |
| Price | 0 |
| 490 ## - SERIES STATEMENT | |
| Series statement | Construction Industry Law Letter |
| Volume/sequential designation | 1992 CILL 719-720(2) |
| 520 ## - SUMMARY, ETC. | |
| Summary, etc. | ChD 23 October 1991. In 1988 Z were concerned to construct a yacht marina consisting of a marina basin with associated engineering works and blocks of flats. By a contract dated 20 May 1988, which incorporated the ICE Conditions 5th edition, E agreed to carry out the engineering and building work. The first 14 interim certificates were paid by Z and no`s 15 and 16 were issued in June 1990 and April 1991. In May 1991 Z`s solicitors wrote to E giving formal notice that they wished to dispute all certificates, contending that they did not take into account deductions which they said should have been made. They said that substantial claims had arisen in the course of execution of the works, the main cause for complaint being a failure to render the standards of workmanship and required engineering tolerances. On 30 May E issued a summons for summary judgement. Z applied for a stay under Arbitration Act 1950. It was held that Z had bona fide disputes which had to be considered by the engi |
| 650 ## - SUBJECT ADDED ENTRY--TOPICAL TERM | |
| Topical term or geographic name entry element | CIVIL ENGINEERING CONTRACTS |
| 650 ## - SUBJECT ADDED ENTRY--TOPICAL TERM | |
| Topical term or geographic name entry element | CLAIMS |
| 650 ## - SUBJECT ADDED ENTRY--TOPICAL TERM | |
| Topical term or geographic name entry element | CONTRACT CLAIMS |
| 650 ## - SUBJECT ADDED ENTRY--TOPICAL TERM | |
| Topical term or geographic name entry element | ICE CONDITIONS OF CONTRACT (FIFTH EDITION) |
| 650 ## - SUBJECT ADDED ENTRY--TOPICAL TERM | |
| Topical term or geographic name entry element | NAVIGATION GATE |
| 650 ## - SUBJECT ADDED ENTRY--TOPICAL TERM | |
| Topical term or geographic name entry element | POOR WORKMANSHIP |
| 690 ## - LOCAL SUBJECT ADDED ENTRY--TOPICAL TERM (OCLC, RLIN) | |
| Topical term or geographic name as entry element | BUILDING AND CONSTRUCTION-CASE LAW |
| 942 ## - ADDED ENTRY ELEMENTS (KOHA) | |
| Suppress in OPAC | 0 |
| 948 ## - LOCAL PROCESSING INFORMATION (OCLC); SERIES PART DESIGNATOR (RLIN) | |
| c (OCLC) | 04/03/1997 |
| Withdrawn status | Lost status | Source of classification or shelving scheme | Damaged status | Not for loan | Home library | Current library | Shelving location | Date acquired | Total Checkouts | Full call number | Barcode | Date last seen | Copy number | Price effective from | Koha item type |
|---|---|---|---|---|---|---|---|---|---|---|---|---|---|---|---|
| Dewey Decimal Classification | London | London | Journal article | 14/09/1999 | ABS45845 | 55412-1001 | 06/08/2019 | 1 | 06/08/2019 | Law report |